स्त्रीवादी साहित्य विमर्श/ (Record no. 68076)

MARC details
000 -LEADER
fixed length control field 02709nam a22003137a 4500
005 - DATE AND TIME OF LATEST TRANSACTION
control field 20120620114149.0
010 ## - LCCN (DPL NO)
LC control number B-483492-496
020 ## - INTERNATIONAL STANDARD BOOK NUMBER
International Standard Book Number 9788179754054
Terms of availability 800.00
035 ## - SYSTEM CONTROL NUMBER
System control number B-483492-496
037 ## - SOURCE OF ACQUISITION
Source of stock number/acquisition के.के.पब्लिकेशंस
082 ## - DEWEY DECIMAL CLASSIFICATION NUMBER
Classification number 809.89287
100 ## - MAIN ENTRY--PERSONAL NAME
Personal name चतुर्वेदी, जगदीश्वर
245 ## - TITLE STATEMENT
Title स्त्रीवादी साहित्य विमर्श/
Statement of responsibility, etc जगदीश्वर चतुर्वेदी
260 ## - PUBLICATION, DISTRIBUTION, ETC. (IMPRINT)
Place of publication, distribution, etc नई दिल्ली
Name of publisher, distributor, etc अनामिका पब्लिशर्स
Date of publication, distribution, etc 2011
270 ## - ADDRESS
Address 4697/3, 21 ए, अंसारी रोड, दरियागंज
City नई दिल्ली
Postal code 110002
Telephone number 23281655
300 ## - PHYSICAL DESCRIPTION
Extent viii,384 पृ.
Dimensions 22 सें.मी.(सजिल्द)
700 ## - ADDED ENTRY--PERSONAL NAME
9 (RLIN) 49220
700 ## - ADDED ENTRY--PERSONAL NAME
Personal name मेहरोत्रा, गीतिका
9 (RLIN) 49321
700 ## - ADDED ENTRY--PERSONAL NAME
Personal name श्रीवास्तव, सुहासिनी
9 (RLIN) 49322
700 ## - ADDED ENTRY--PERSONAL NAME
Personal name मिश्र, यतीन्द्र
9 (RLIN) 49266
942 ## - ADDED ENTRY ELEMENTS (KOHA)
Source of classification or shelving scheme Dewey Decimal Classification
Item type Hindi Books
Call number suffix चतुर्वे
Classification part 809.89287
Holdings
Withdrawn status Lost status Not for loan Home library Current library Date acquired Cost, normal purchase price Full call number Cost, replacement price Koha item type Collection code Source of acquisition Barcode Copy number
      Andrews Gunj Andrews Gunj 20/06/2012 800.00 चतुर्वे 800.00 Hindi Books        
      Bawana Bawana 08/10/2012 800.00 809.89287 चतुर्वे 800.00 Hindi Books Non-fiction के.के.पब्लिकेशंस/2176/10.08.12/1/27.07.12/03.09.12 B-483496 1
      Janak Puri Janak Puri 08/10/2012 800.00 809.89287 चतुर्वे 800.00 Hindi Books Non-fiction के.के.पब्लिकेशंस/2176/10.08.12/1/27.07.12/03.09.12 B-483493 1
      Patel Nagar Patel Nagar 08/10/2012 800.00 809.89287 चतुर्वे 800.00 Hindi Books Non-fiction के.के.पब्लिकेशंस/2176/10.08.12/1/27.07.12/03.09.12 B-483492 1
      Sarojini Nagar Sarojini Nagar 08/10/2012 800.00 809.89287 चतुर्वे 800.00 Hindi Books Non-fiction के.के.पब्लिकेशंस/2176/10.08.12/1/27.07.12/03.09.12 B-483494 1
      Vinoba Puri Vinoba Puri 08/10/2012 800.00 809.89287 चतुर्वे 800.00 Hindi Books Non-fiction के.के.पब्लिकेशंस/2176/10.08.12/1/27.07.12/03.09.12 B-483495 1

© Delhi Public Library
Hit Counter
free hit counter